Just Random Questions #4 - Statistics

General Stats
  • This quiz has been taken 32 times
  • The average score is 6 of 8
Answer Stats
Hint Answer % Correct
Captial of France Paris
100%
How many planets in our solar system(not including pluto) 8
96%
What continent is the country China in Asia
96%
What is the biggest planet in our solar system Jupiter
92%
Largest Country in the world Russia
92%
What is the capital of Scotland Edinburgh
72%
What country are Rangers FC and Celtic FC the biggest teams in(soccer teams) Scotland
56%
What Football/Soccer team does Lionel Messi play for Barcelona
40%
No matching quizzes found
Score Distribution
Percent of People with Each Score
Percentile by Number Answered
Your Score History
You have not taken this quiz